| 000 | 00510nam a2200193 i 4500 | ||
|---|---|---|---|
| 001 | bgj | ||
| 100 | 1 | _aKUNICZAK, W. S. | |
| 245 | 1 | 0 |
_aThe Thousand Hour Day / _cW. S. Kuniczak. |
| 260 |
_a[S.l.] : _bThe Polish Cultural Alliance, _c1984. |
||
| 300 |
_a628 pp ; _c24 cm. |
||
| 650 | 9 | _aHistorical fiction | |
| 650 | 9 | _aWar stories | |
| 651 | 9 |
_aPoland _xHistory _yOccupation, 1939-1945 |
|
| 655 | _aFiction | ||
| 040 | _cBPK | ||
| 041 | 0 | _aeng | |
| 942 | _cKS | ||
| 008 | s uk f |000 0 eng | ||
| 999 |
_c47480 _d47480 |
||
| 856 |
_uhttp://koha.tu.koszalin.pl/cgi-bin/koha/opac-detail.pl?biblionumber=47480 _yKatalog online BPK |
||